[Event "European Blitz-ch 2018"]
[Site "Skopje"]
[Date "2018.12.06"]
[Round "6"]
[White "Navara, David"]
[Black "Ozen, Bahadir"]
[Result "1-0"]
[WhiteElo "2736"]
[BlackElo "2349"]
[Annotator "TA"]
[PlyCount "30"]
[EventDate "2018.12.06"]
[EventType "swiss"]
[EventCountry "MKD"]

{[%evp 21,30,23,30,30,25,29,34,25,32,12,22]} 1. e4 $146 e5 2. Nf3 Nf6 3. Nxe5 d6 4. Nf3 Nxe4 5. Nc3 Nxc3 6. dxc3 Be7 7. Be3 O-O 8. Qd2 {C42: Petroff Defence: 3 Nxe5 and unusual White 3rd moves} Nd7 9. O-O-O Nf6 10. Bd3 c5 11. Rhe1 Be6 {LiveBook: 4 Games} 12. Kb1 Qa5 13. c4 Qxd2 14. Bxd2 {With the idea Ng5.} h6 15. Nh4 Rfe8 {[%mdl 32768] Loss on time!?} 1-0

[Event "European Blitz-ch 2018"]
[Site "Skopje"]
[Date "2018.12.06"]
[Round "6"]
[White "Cheparinov, Ivan"]
[Black "Belyakov, Bogdan"]
[Result "0-1"]
[WhiteElo "2709"]
[BlackElo "2459"]
[Annotator "RC"]
[PlyCount "63"]
[EventDate "2018.12.06"]
[EventType "swiss"]
[EventCountry "MKD"]

{[%evp 11,63,25,28,0,27,0,12,0,80,83,91,65,65,66,134,124,137,30,34,0,0,0,22,26,29,39,53,50,48,27,99,106,105,-29,100,25,93,90,158,-53,-56,-64,9,26,29,0,0,-199,-207,-222,-225,-277,-222,-225]} 1. d4 d5 2. c4 dxc4 3. e3 e5 4. Bxc4 Nc6 (4... exd4 5. exd4 Nf6 6. Nf3 Bd6 7. Qe2+ Qe7 8. Qxe7+ Bxe7 9. O-O O-O 10. Re1 Bd6 11. Nc3 a6 12. Bg5 Nbd7 13. a4 h6 14. Bh4 g5 15. Bg3 Kg7 16. Bb3 Re8 17. Ne5 Re7 {½-½ (17) Li,C (2724)-Alekseenko,K (2625) Qinhuangdao 2018}) 5. Nf3 e4 6. Nfd2 {D20: Queen's Gambit Accepted: 3 e3 and 3 e4} Qg5 {LiveBook: 58 Games} 7. Bf1 f5 8. Nc3 {White has an edge.} Nf6 9. Qb3 $146 ({Predecessor:} 9. a3 Be6 10. f4 Qh6 11. h4 O-O-O 12. Nc4 {½-½ (59) Jankovic,A (2553)-Sulava,N (2497) Zagreb 2012}) 9... Bd6 (9... a6 $1 $11) 10. Nc4 $16 Bb4 11. a3 Bxc3+ $1 12. bxc3 a6 (12... Rb8 $14) 13. a4 Rb8 14. a5 ({White should try} 14. Ba3 $1 $16) 14... Be6 $11 15. Qa4 O-O 16. g3 Nd5 17. Bd2 Qh5 18. h4 Qf3 19. Rg1 {Hoping for Be2.} Qg4 20. Rh1 Rbe8 (20... Qf3 $11 21. Rg1 Qh5) 21. Be2 Qg6 22. Rb1 {[#]} ({Better is} 22. h5 $16 Qf7 23. Nb2) 22... Rb8 (22... f4 $1 $11 {[%mdl 512]} 23. h5 (23. exf4 e3) 23... Qf5) 23. Rb2 (23. Na3 $16) 23... Kh8 {[#]} (23... Bf7 $11 {keeps the balance.}) 24. Na3 $1 $16 f4 (24... Bd7 $142) 25. gxf4 $2 (25. h5 $16 Qe8 26. gxf4) 25... Qg2 $15 26. Rf1 Bg4 (26... Nf6 $15) 27. Bxg4 $11 Qxg4 28. Qd1 Qxh4 $40 {[%mdl 128] Black is up to no good.} 29. Nc2 $2 (29. Qe2 $11 {and White stays safe.}) 29... Nxa5 $19 30. Qe2 {aiming for c4.} b5 31. Na3 Nb6 32. Ra2 {Accuracy: White = 44%, Black = 24%.} 0-1

[Event "European Blitz-ch 2018"]
[Site "Skopje"]
[Date "2018.12.06"]
[Round "6"]
[White "Mamedov, Rauf"]
[Black "Saraci, Nderim"]
[Result "1-0"]
[WhiteElo "2703"]
[BlackElo "2382"]
[Annotator "TA"]
[PlyCount "71"]
[EventDate "2018.12.06"]
[EventType "swiss"]
[EventCountry "MKD"]

{[%evp 16,71,25,18,26,18,35,19,38,22,52,55,123,131,116,122,110,113,129,109,123,109,151,150,139,21,17,25,36,-43,0,-29,-39,-56,-43,-33,-39,-70,-4,-8,0,0,0,0,62,64,218,215,206,204,1029,1015,29984,29985,29985,29986,29985,5499]} 1. e4 e5 2. Nf3 Nc6 3. Bc4 Bc5 4. c3 Nf6 5. d3 d6 6. a4 a5 7. O-O O-O 8. Bg5 {C54: Giuoco Piano: 4 c3 Nf6, main lines with 5 d4 and 5 d3} h6 (8... Qe7 9. Nbd2 Be6 10. Qb3 Rab8 11. Rad1 h6 12. Bh4 Ba7 13. Bxe6 Qxe6 14. Bxf6 Qxb3 15. Nxb3 gxf6 {1-0 (45) Adams,M (2706)-McShane,L (2669) Hull 2018}) 9. Bh4 {LiveBook: 26 Games} Ba7 10. Nbd2 $146 {White has an edge.} ({Predecessor:} 10. Na3 Qe7 11. Re1 Bg4 12. h3 Be6 13. d4 exd4 14. cxd4 Bxc4 15. Nxc4 {1-0 (77) Lorenzini,M (2448)-Villca,J (2233) Buenos Aires 2017}) 10... Be6 11. Kh1 Re8 12. Bb5 Bb6 13. Nc4 Bd7 ({Black should try} 13... Bxc4 $14 14. Bxc4 Qe7) 14. Nxb6 $16 cxb6 15. Nd2 g5 16. Bg3 Ne7 17. Bxd7 Qxd7 18. Nc4 Qc6 19. Qb3 Nd7 20. d4 (20. f3 $16) 20... Rac8 $11 21. Ne3 Qxe4 22. Rfe1 (22. Rad1 $14) 22... Qg6 23. Rad1 exd4 24. cxd4 Nf5 25. Nxf5 Qxf5 26. Kg1 Qg6 (26... Rxe1+ $15 27. Rxe1 Rc6) 27. Qb5 Nf6 28. Bxd6 Rxe1+ 29. Rxe1 Ne4 (29... Qc2 $11) 30. Be5 $1 $14 Qf5 $2 (30... Nd2 $14) 31. f3 $18 Nd2 32. Qxb6 $40 {[%mdl 192] [#] Double Attack. White attacks with force.} g4 $2 (32... Nc4 33. Qxb7 (33. Qxh6 Nxe5 34. dxe5 Rc6 $16) 33... Nxe5) 33. Qxh6 {[%csl Ge5][%cal Rh6h8]} f6 34. Bxf6 {[%csl Gf6][%cal Rh6g7] White mates.} Qh7 35. Qg5+ {[%mdl 64] Double Attack} Kf8 36. Qxd2 {Accuracy: White = 46%, Black = 21%.} (36. Be7+ $142 Kf7 37. Bc5 Qb1 38. Rxb1 Nxb1 39. Qf5+ Kg7 40. Qxc8 gxf3 41. Qd7+ Kg8 42. Qf5) 1-0

[Event "European Blitz-ch 2018"]
[Site "Skopje"]
[Date "2018.12.06"]
[Round "6"]
[White "Saric, Ivan"]
[Black "Arutyunova, Diana"]
[Result "1-0"]
[WhiteElo "2695"]
[BlackElo "2227"]
[Annotator "TA"]
[PlyCount "53"]
[EventDate "2018.12.06"]
[EventType "swiss"]
[EventCountry "MKD"]

{[%evp 12,53,64,71,72,73,93,87,89,90,111,76,133,130,131,123,199,145,309,304,335,322,629,599,642,606,624,613,549,437,799,785,1362,856,29985,29986,29984,29974,29968,5215,29996,29997,29997,29998]} 1. e4 {[%cal Be2e4,Be4e5][%mdl 32]} d6 2. d4 Nf6 3. Nc3 c6 4. f4 Qa5 5. e5 Nd5 (5... Ne4 6. Bd3 Nxc3 7. bxc3 Qxc3+ 8. Bd2 Qxd4 9. Nf3 Qc5 10. Rb1 dxe5 11. Nxe5 Nd7 12. Nxd7 Bxd7 13. Rxb7 Rd8 {1-0 (25) Motylev,A (2668)-Levin,E (2532) Sochi 2017}) 6. Bd2 {B07: Pirc Defence: Miscellaneous Systems} Nxc3 7. Bxc3 {LiveBook: 3 Games} Qc7 8. Nf3 {White is better.} Bg4 $146 ({Predecessor:} 8... d5 9. Bd3 g6 10. h3 Bh6 11. Qd2 b6 12. g4 Ba6 13. g5 Bxd3 14. Qxd3 {1-0 (27) Codenotti,M (2035)-Colombo,P (2138) Capoliveri 2009}) 9. h3 Bxf3 10. Qxf3 e6 11. f5 exf5 ({Better is} 11... Nd7) 12. Qxf5 $16 Qd7 13. Qf3 $36 {[%mdl 2048] Keeping Black busy.} dxe5 (13... a5 $16 {was worth a try.}) 14. O-O-O (14. Bc4 $18) 14... Be7 $2 (14... Qe6 $16 {was necessary.}) 15. Bc4 $18 ({Don't play} 15. dxe5 $6 Qe6 $18) 15... O-O 16. dxe5 Bg5+ $2 (16... Qe8 17. Rhe1 Kh8) 17. Kb1 Qe7 {[#]} 18. h4 $1 {[%mdl 512]} Bh6 (18... Bxh4 19. e6) 19. g4 b5 {[#]} 20. Bxb5 $1 {[%mdl 512]} g6 (20... cxb5 $142 21. Qxa8 Be3) 21. h5 Bg7 22. hxg6 fxg6 23. Bc4+ Kh8 24. Qh3 {[%csl Gh1][%cal Rh3h7]} h6 25. e6 (25. Qe3 $142 Kh7 26. Rd6 Qe8 27. Bd2 Rf1+ 28. Bxf1 Qf8 29. Bc4 Nd7 30. Rxd7) 25... Bxc3 26. Qxh6+ {[%mdl 64] Double Attack} Kg8 27. Qxg6+ {Accuracy: White = 63%, Black = 28%.} 1-0

[Event "European Blitz-ch 2018"]
[Site "Skopje"]
[Date "2018.12.06"]
[Round "6"]
[White "Ragger, Markus"]
[Black "Gouloutis, Nikolaos"]
[Result "1-0"]
[WhiteElo "2687"]
[BlackElo "2353"]
[Annotator "TA"]
[PlyCount "83"]
[EventDate "2018.12.06"]
[EventType "swiss"]
[EventCountry "MKD"]

{[%evp 17,83,23,41,13,29,6,11,7,12,0,76,12,62,8,15,0,5,0,8,0,11,4,24,31,10,10,37,30,18,15,24,36,10,7,121,129,122,129,118,117,160,142,168,166,156,164,190,185,193,168,163,162,323,330,465,451,425,409,492,477,773,714,1139,685,1383,513,5647,3466]} 1. e4 c6 2. d4 d5 3. exd5 cxd5 4. Bd3 Nc6 5. c3 g6 6. Nf3 Nh6 7. O-O Bf5 8. Re1 Bg7 {B13: Caro-Kann: Exchange Variation and Panov-Botvinnik Attack} 9. h3 O-O {LiveBook: 3 Games} 10. Na3 $146 {[%cal Bb1a3,Ba3c2,Bc2b4][%mdl 32]} ({Predecessor:} 10. Bf1 Bxb1 11. Rxb1 Nf5 12. Bf4 e6 13. Qd2 a6 14. h4 h5 15. Bd3 b5 16. g3 Re8 17. Re2 {1-0 (30) Plaskett,H (2445)-Rewitz,P (2202) Radebeul 2016}) 10... Rc8 {The position is equal.} 11. Nc2 Bxd3 12. Qxd3 Nf5 13. Bf4 Qb6 (13... e6 $11 {keeps the balance.}) 14. Rab1 ({Better is} 14. g4 $16 Nd6 15. Bxd6 exd6 16. Ne3) 14... Rfe8 15. a3 (15. g4 $1 $14 Bh6 16. Bxh6 Nxh6 17. Ne5) 15... Na5 $11 16. Nb4 {next g4 is good for White.} e6 17. Qd1 Nc4 18. Nd3 Nfd6 19. Nfe5 f6 20. Nxc4 Nxc4 21. Bg3 e5 22. dxe5 fxe5 23. Nb4 Rcd8 24. Bh4 $36 {[%mdl 2048] Threatens to win with b3. White is pushing.} Rd7 25. Qa4 Qc7 {[#]} (25... Qe6 $11 {remains equal.}) 26. Nxd5 $1 $16 {[%mdl 576] Pin} Qc6 (26... Rxd5 27. Qxe8+) 27. Qxc6 bxc6 28. Ne3 Nb6 29. Red1 e4 30. Rxd7 Nxd7 31. Rd1 Nc5 32. Rd6 Rc8 33. b4 Nd3 34. c4 Bf8 $2 (34... Be5 35. Re6 a5) 35. Rd7 $18 a5 (35... h5 {was called for.} 36. Rxa7 Bh6) 36. Ng4 {[#] Nf6+ would kill now.} Bg7 37. bxa5 {Hoping for Bf6.} h5 38. Nf6+ {White is clearly winning.} Kf8 (38... Bxf6 $142 39. Bxf6 Ra8 40. Rd8+ Rxd8) 39. Nxe4 Re8 40. Rd8 Bd4 41. a6 (41. Rxd4 $142 Nf4 42. Kf1) 41... Kf7 (41... Bb6 $142) 42. Nd6+ {[%mdl 64] Double Attack. Accuracy: White = 52%, Black = 22%.} 1-0

[Event "European Blitz-ch 2018"]
[Site "Skopje"]
[Date "2018.12.06"]
[Round "6"]
[White "Demchenko, Anton"]
[Black "Santos Ruiz, Miguel"]
[Result "0-1"]
[WhiteElo "2679"]
[BlackElo "2523"]
[Annotator "TA"]
[PlyCount "122"]
[EventDate "2018.12.06"]
[EventType "swiss"]
[EventCountry "MKD"]

{[%evp 18,122,0,-3,12,8,22,0,0,0,0,0,27,20,56,42,64,44,36,25,85,46,54,34,22,11,14,0,0,0,34,40,77,72,110,108,90,11,7,2,7,0,0,0,57,56,56,56,55,56,69,55,55,55,337,333,331,322,1102,96,128,133,211,138,150,100,110,56,87,56,78,56,95,94,93,56,85,56,56,0,56,0,81,0,58,0,83,56,56,-68,0,0,0,0,6,0,0,0,96,0,79,0,0,0,59,0,0]} 1. e4 c5 2. Nf3 d6 3. d4 cxd4 4. Qxd4 Nf6 5. Be2 Nc6 6. Qe3 {B53: Sicilian: 2...d6: Lines with Qxd4} g6 7. O-O Bg7 8. Rd1 O-O 9. h3 Nd7 10. Nc3 {LiveBook: 6 Games} Nb4 $146 ({Predecessor:} 10... b6 11. b3 Bb7 12. Bb2 Rc8 {½-½ (48) Demchenko,A (2679)-Sarana,A (2641) Sochi 2018}) 11. Qd2 (11. Ne1 {is interesting.} b6 12. a3 Nc6 13. b3 a6 14. Bb2) 11... b6 12. Nd5 Nxd5 13. exd5 Bb7 14. c4 b5 15. cxb5 Nb6 16. Nd4 {Nc6 is the strong threat.} Bxd5 17. b3 Qd7 18. Bb2 Qb7 (18... Rfc8 $11) 19. Bf1 Rfc8 20. Re1 e6 21. Rad1 Nd7 22. Ba1 Nc5 23. f3 a6 24. Kh1 axb5 25. Nxb5 {Strongly threatening Bxg7.} Qb6 26. Bxg7 Kxg7 27. Nc3 (27. Qf4 $16) 27... Bb7 $1 $11 28. Rc1 d5 29. Qd4+ Kg8 $1 30. Red1 Ba6 (30... h5 $11) 31. Bxa6 $14 Qxa6 32. Nxd5 $1 exd5 33. Rxc5 Qxa2 34. Rxc8+ Rxc8 35. Qxd5 {[%mdl 4096] Endgame KQR-KQR} Rc2 $2 {[%mdl 8192]} (35... Qb2 $14) 36. Qd8+ $18 Kg7 37. Qd4+ Kg8 $2 {[#]} (37... f6 38. Qd8 Qb2 39. Rd7+ Kh6) 38. Re1 $2 (38. Ra1 $1 $18 {is the precise move to win.}) 38... Rc8 39. b4 Rb8 (39... Qa4 $16 {keeps fighting.} 40. Re7 Qb5) 40. Qd6 Qa8 41. Rb1 Rb5 42. Qd3 (42. Rd1 $16) 42... Qb7 43. Qc4 h5 44. Rb2 Kg7 45. Qc3+ Kh7 46. Rb1 Rb6 47. Kg1 Rb5 48. Rb2 (48. Kf1 $14) 48... Rb6 ({Black should play} 48... Qa7+ $11 49. Kh1 Qb6) 49. Kh1 Rb5 $1 50. Qc4 Kg7 $1 51. Rb1 Kg8 $1 52. Qd4 Qb8 53. g4 (53. Kg1 $14) 53... Qb7 (53... Qg3 $15 54. Qd8+ Kg7 55. Qd4+ Kh7) 54. Kg2 (54. Qe4 {seems wilder.} Qb8 55. f4 Kg7 56. Rb2 Qd6 57. Kg2) 54... Qb8 55. Rb2 Kh7 56. Qc4 Kg7 57. Qd4+ Kg8 {[#]} (57... Kh7 $11) 58. Rb3 (58. Rd2 $1 $16 {Hoping for Qf6.} h4 59. Qd8+ Kg7 60. Qxh4 Rxb4 61. Qe1) 58... Qb7 (58... h4 $11 59. Qf2 g5) 59. Rb1 (59. Re3 $16 {Threatening mate with Re8+.} Qb8 60. Qd7) 59... Rd5 60. Qe3 Rb5 ({Better is} 60... Qb8 $11) 61. Qd2 (61. Rd1 $1 $14 Qc8 62. Rd4) 61... Qb8 {[%mdl 32768] Accuracy: White = 35%, Black = 41%. . Loss on time!?} 0-1

[Event "European Blitz-ch 2018"]
[Site "Skopje"]
[Date "2018.12.06"]
[Round "6"]
[White "Van Foreest, Jorden"]
[Black "Zlatanovic, Boroljub"]
[Result "0-1"]
[WhiteElo "2614"]
[BlackElo "2376"]
[Annotator "TA"]
[PlyCount "105"]
[EventDate "2018.12.06"]
[EventType "swiss"]
[EventCountry "MKD"]

{[%evp 20,105,4,1,39,39,121,121,120,116,133,128,113,81,144,70,81,37,42,45,43,43,35,-4,-10,-43,-41,-310,-324,-315,-310,-324,-315,-324,-285,-306,-293,-274,-207,-195,-214,-282,-274,-310,-315,-287,-285,-2470,-558,-557,-528,-525,-331,-545,-520,-563,-345,-315,-325,-707,-685,-785,-541,-685,-670,-29977,-29977,-29977,-676,-29977,-29969,-29979,-29980,-29980,-29981,-29980,-29981,-29981,-29982,-29983,-29984,-29984,-29985,-29985,-29986,-29986,-29987,-29988]} 1. e4 e6 2. d4 d5 3. Nc3 Bb4 4. Bd3 dxe4 5. Bxe4 Nf6 6. Bf3 c5 7. a3 Bxc3+ 8. bxc3 Nc6 9. Ne2 {C15: French: 3 Nc3 Bb4: Unusual White 4th moves} e5 10. Bg5 cxd4 11. cxd4 {LiveBook: 4 Games. The position is equal.} Nxd4 12. Nxd4 Qxd4 $146 (12... exd4 $14 13. O-O O-O) ({Predecessor:} 12... exd4 13. O-O O-O 14. Rb1 h6 15. Bh4 a5 16. Qd3 Re8 {1-0 (52) Heberla,B (2465)-Gdanski,J (2540) Warsaw 2005}) 13. Qxd4 $16 exd4 14. O-O-O h6 15. Rhe1+ Be6 16. Bxb7 {Black must now prevent Bxf6.} Rd8 (16... Rb8 $142 17. Bxf6 Rxb7) 17. Bc6+ ({Better is} 17. Bd2 $16) 17... Ke7 $14 18. Bd2 Nd5 $1 19. Re4 Nc3 20. Bxc3 $1 dxc3 21. Rxd8 (21. Bd5 $5) 21... Rxd8 {[%mdl 4096] Endgame KRB-KRB} 22. Ra4 Rd2 23. Rxa7+ $2 {[%mdl 8192]} (23. Rf4 $1 $15) 23... Kd6 $19 24. Bf3 Rxf2 {And now ...Rf1+ would win.} 25. Ra8 Rf1+ 26. Bd1 Kc7 {( -> ...Bg4)} 27. Ra4 Kb6 28. Rd4 Kc5 29. Rd3 Kc4 30. Rf3 Rg1 31. Rf4+ Kc5 32. Rf3 Kd4 ({Weaker is} 32... Rxg2 33. Rxc3+ Kb6 34. h3 $17) 33. g3 $2 {[#]} (33. Rf4+ Ke5 34. Rf3) 33... g5 (33... Rxd1+ $142 $1 {[%mdl 512]} 34. Kxd1 Bg4) 34. Rd3+ Kc4 35. Re3 Rh1 36. Re4+ $2 (36. g4) 36... Kd5 37. Re3 Kd4 38. Rd3+ Kc4 39. a4 $2 (39. Rd6) 39... Bg4 40. a5 {next a6 is good for White.} Kb5 41. Rd5+ Ka6 42. h3 Bf3 43. Rd3 Bxd1 (43... Rxd1+ $142 44. Rxd1 Bxd1 45. Kxd1 f5 46. Ke2 Kxa5 47. Ke3 Kb4 48. Kd3 f4 49. gxf4 gxf4 50. h4 f3 51. Ke3 Ka3 52. Ke4 f2 53. Kd3 f1=Q+ 54. Kxc3 Qf6+ 55. Kc4 Qxh4+ 56. Kb5 Qa4+ 57. Kc5 Qxc2+ 58. Kd5 h5 59. Ke5 h4 60. Kf4 h3 61. Ke5 h2 62. Ke6 h1=Q 63. Ke7 Qc7+ 64. Ke6 Qe4+ 65. Kf6 Qce7#) 44. Rxd1 Rxd1+ {Black mates.} 45. Kxd1 {KP-KP} f5 46. Ke2 Kxa5 47. Kd3 Kb4 48. Kd4 f4 49. gxf4 gxf4 {[%cal Bg5f4,Bf4f3][%mdl 32]} 50. h4 h5 51. Kd3 {[#]} f3 $1 52. Ke3 {[#]} Ka3 $1 53. Kd4 {Accuracy: White = 28%, Black = 69%.} 0-1

[Event "European Blitz-ch 2018"]
[Site "Skopje"]
[Date "2018.12.06"]
[Round "6"]
[White "Banikas, Hristos"]
[Black "Musovic, Armin"]
[Result "1-0"]
[WhiteElo "2601"]
[BlackElo "2301"]
[Annotator "TA"]
[PlyCount "57"]
[EventDate "2018.12.06"]
[EventType "swiss"]
[EventCountry "MKD"]

{[%evp 19,57,20,26,22,22,17,27,29,185,66,74,42,45,43,337,345,477,482,451,482,450,445,453,419,506,512,595,562,562,561,810,799,1488,1218,1216,1210,2290,972,6103,6011]} 1. d4 d5 2. c4 c5 3. cxd5 Qxd5 4. Nf3 cxd4 5. Nc3 Qa5 6. Nxd4 {D06: Queen's Gambit: Symmetrical and Baltic Defences} Nf6 7. Nb3 Qc7 8. g3 e5 9. Bg5 (9. Bg2 Bb4 10. Bd2 O-O 11. O-O {1-0 (44) So,W (2778)-Mamedyarov,S (2808) Paris 2018}) 9... Bb4 10. Bxf6 Bxc3+ {LiveBook: 3 Games} 11. bxc3 gxf6 12. Bg2 $146 Qxc3+ 13. Nd2 {Strongly threatening Rc1.} Nc6 $2 (13... O-O $11 {and Black stays safe.}) 14. O-O (14. Rc1 $18 Qa5 15. Rxc6) 14... Bf5 $14 15. Rc1 Qb4 16. a3 $36 {[%mdl 2048] White has some pressure.} Qe7 $2 {[%mdl 8192]} ({Black should try} 16... Qd6 $14) 17. Rxc6 $1 $18 bxc6 18. Bxc6+ {[%mdl 64] [#] Double Attack} Kf8 {Threatens to win with ...Rc8.} 19. Bxa8 h5 20. h4 Qxa3 21. Qa1 Qc5 22. Rc1 {White is clearly winning.} Qb6 23. Nc4 Qb8 24. Ne3 Be6 25. Bd5 Qb6 26. Bxe6 {[%mdl 64] [#] Overworked Piece} Qxe6 27. Qxa7 Kg7 28. Qb7 f5 29. Rc6 {Accuracy: White = 58%, Black = 29%.} 1-0

[Event "European Blitz-ch 2018"]
[Site "Skopje"]
[Date "2018.12.06"]
[Round "6"]
[White "Georgiev, Kiril"]
[Black "Stocek, Jiri"]
[Result "1/2-1/2"]
[WhiteElo "2595"]
[BlackElo "2576"]
[Annotator "TA"]
[PlyCount "111"]
[EventDate "2018.12.06"]
[EventType "swiss"]
[EventCountry "MKD"]

{[%evp 15,111,45,68,38,34,37,41,38,33,25,76,75,54,-34,-34,-90,-22,-116,-72,-110,-122,-110,-119,-170,-167,-161,-160,-217,-184,-194,-174,-170,-172,-176,-168,-185,-138,-208,-210,-219,-218,-214,0,0,0,0,0,0,-7,-172,-58,-54,-45,-47,-52,-70,-56,-127,-109,-109,-88,-94,-102,-149,-162,-267,-304,-296,-289,-237,-39,-527,-527,-514,-479,-935,-843,-563,-528,-309,-259,-584,-576,-468,-208,-168,0,0,0,0,0,0,0,0,0,0,0,-29987]} 1. d4 d6 2. Nf3 g6 3. c4 Bg7 4. Nc3 Bg4 5. e3 Nf6 6. h3 {E61: King's Indian: Early deviations for White, including Smyslov System} (6. Be2 O-O 7. O-O Nc6 8. d5 Nb8 9. h3 Bd7 10. e4 c6 11. Be3 Na6 12. Nd2 Rc8 13. Rc1 e6 14. dxe6 Bxe6 15. Nf3 Re8 {0-1 (38) Wang,H (2709)-Mamedyarov,S (2799) Huaian 2017}) 6... Bxf3 7. Qxf3 Nc6 8. g4 O-O {LiveBook: 4 Games} 9. g5 Nh5 10. h4 e5 11. d5 Nb4 {aiming for ...Nc2+.} 12. Qd1 f6 $146 (12... Qe7 $11) ({Predecessor:} 12... f5 13. e4 Nf4 {½-½ (74) Ding,L (2660)-Liu,Q (2461) Xinghua 2012}) 13. a3 $16 Na6 14. gxf6 (14. Be2 $14) 14... Qxf6 $15 {[%csl Gf8][%cal Rf6f2]} 15. Rh2 {[#]} ({White should try} 15. Ne4 $15 Qf5 16. f3) 15... Nc5 (15... e4 $1 $17 {[%mdl 512]} 16. Be2 (16. Nxe4 Qe5) 16... Qf5) 16. Qg4 (16. e4 $1 $11 {remains equal.}) 16... Rae8 17. Ne4 Nxe4 18. Qxe4 {[#]} Ng3 $1 $36 {[%cal Rg3e4][%mdl 2560] Black is in control.} 19. Qg4 (19. Qg2 $17 Nf5 20. Qg5) (19. fxg3 Qxf1+) 19... Nxf1 $19 20. Kxf1 e4 21. Rb1 (21. Kg1 $17 {was worth a try.}) 21... h5 22. Qg3 Re5 {[%cal Be8e5,Be5f5,Bf5f3][%mdl 32]} 23. Bd2 Rf5 24. Bc3 Qf7 25. Bxg7 Qxg7 26. Rg2 {[#]} (26. Qg2 $17 {keeps fighting.} Rxf2+ 27. Qxf2) 26... Kh7 $1 27. Kg1 Rf3 28. Qg5 Qf6 $2 (28... Qf7 $19 {[%cal Rf3f2]} 29. Kh2 Rxf2) 29. Qxf6 $11 R8xf6 {[%mdl 4096] Endgame KRR-KRR} 30. Rd1 Rh3 31. Rd4 $1 Rxh4 {With the idea ...Rf5.} 32. b4 $2 (32. Rg3 $1 $11 {and White has nothing to worry.}) 32... Kg7 (32... Kh6 $19 33. Kf1 g5) 33. Rg3 $1 $15 Rf5 34. f4 Kf7 35. Kg2 {[#]} g5 $1 {[%mdl 512]} 36. fxg5 ({White should play} 36. Rxe4 $15 gxf4 37. Rf3) 36... Kg6 $17 37. c5 Rxg5 38. Rxg5+ Kxg5 39. cxd6 cxd6 {KR-KR} 40. Rc4 (40. b5 $142) 40... Rg4+ $19 41. Kh2 h4 42. Rc7 Rg3 $2 ({Better is} 42... Kf6 $19 {White must now prevent ...Rg3.} 43. Rxb7 Rg3 44. Rxa7 Rxe3) 43. Rxb7 $2 {[%mdl 8192]} (43. Rg7+ $15 Kf5 44. Rxg3 hxg3+ 45. Kxg3) 43... Rxe3 44. Rxa7 Kf4 45. b5 (45. Rd7 $142 Ke5 46. a4) 45... Rb3 46. Rf7+ Ke5 47. a4 Kxd5 48. Rh7 $2 (48. Re7 {nothing else works.}) 48... e3 49. Kg2 Rb2+ (49... Ke4 $142 50. Rxh4+ Kd3) 50. Kf3 {[#]} Rb4 $2 (50... Kd4 $1 $19 {Threatens to win with ...Rf2+.} 51. Rxh4+ Kd3) 51. Kxe3 {The position is equal.} Rxa4 52. b6 Rb4 53. b7 Kc6 54. Kd3 $1 Rxb7 55. Rxh4 Rb5 56. Ke4 $2 {[%mdl 40960] Precision: White = 40%, Black = 56%. . An unexpected result.} (56. Rc4+ $11 Kd5 57. Rd4+ Ke5 58. Re4+ Kf5 59. Rd4) 1/2-1/2